• 首页
  • 本馆介绍
  • 公告通知
  • 最新文献
  • 馆藏检索
  • 电子资源
  • 读者导购
  • 参考咨询
  • 我的图书馆
  • 登录
  • 详细信息显示
  • 放入我的书架
  • 预约/预借图书
  • 作者相关作品
  • 分类相关作品
  • 丛书相关作品
  • 出版社相关作品

书目信息

  • 表格格式
  • 工作单格式
  • 卡片格式
题名:
生物质的开发与利用
    
 
作者: 刘明华 主编
分册:  
出版信息: 北京   化学工业出版社  2012
页数: 239页
开本: 26cm
丛书名: 再生资源科学与工程技术丛书
单 册:
中图分类: TK6
科图分类:
主题词: 生物能源 , 综合利用 , 生物能源--综合利用
电子资源:
ISBN: 978-7-122-14604-5
000 01103nam0 2200277 45
001 1338834812
005 20130514151850.79
010    @a978-7-122-14604-5@dCNY48.00
100    @a20130108d2012 em y0chiy50 ea
101 0  @achi
102    @aCN@b110000
105    @ay z 000yy
106    @ar
200 1  @a生物质的开发与利用@ASheng Wu Zhi De Kai Fa Yu Li Yong@f刘明华主编@FLiu Ming Hua Zhu Bian
210    @a北京@c化学工业出版社@d2012
215    @a239页@d26cm
225 2  @a再生资源科学与工程技术丛书
330    @a本书对生物质的开发和利用的相关知识做了较全面介绍。全书共10章,第1章绪论,介绍了生物质的基本概念、典型生物质资源及生物质的开发与利用的基本思路、发展趋势等;第2章至第9章介绍了纤维素、半纤维素、木质素、淀粉、蛋白质、壳聚糖、单宁、聚乳酸等生物质资源的基本概念、性能、改性和应用;第10章介绍生物质能的来源、特点及转化技术。
461  0 @12001 @a再生资源科学与工程技术丛书
606 0  @a生物能源
606 0  @a综合利用
606 0  @a生物能源@x综合利用
690    @aTK6@v5
701  0 @a刘明华@ALiu Ming Hua@4主编
801    @aCN@bTANGWEI@c20130108
905    @b0828507-11@dTK6@e114@f5
    
    生物质的开发与利用/刘明华主编.-北京:化学工业出版社,2012
    239页;26cm.-(再生资源科学与工程技术丛书)
    
    
    ISBN 978-7-122-14604-5:CNY48.00
    本书对生物质的开发和利用的相关知识做了较全面介绍。全书共10章,第1章绪论,介绍了生物质的基本概念、典型生物质资源及生物质的开发与利用的基本思路、发展趋势等;第2章至第9章介绍了纤维素、半纤维素、木质素、淀粉、蛋白质、壳聚糖、单宁、聚乳酸等生物质资源的基本概念、性能、改性和应用;第10章介绍生物质能的来源、特点及转化技术。
●
相关链接 在E读中查询图书 在五车中查询图书 在当当中查询图书 在豆瓣中查询图书


正题名:生物质的开发与利用     索取号:TK6/114         预约/预借

序号 登录号 条形码 馆藏地/架位号 状态 备注
1 0828507   208285078   第二样本阅览室/ [索取号:TK6/114] 在馆    
2 0828508   208285087   第三借阅区/ [索取号:TK6/114] 在馆    
3 0828509   208285096   第三借阅区/ [索取号:TK6/114] 在馆    
4 0828510   208285103   第三借阅区/ [索取号:TK6/114] 在馆    
5 0828511   208285112   第三借阅区/ [索取号:TK6/114] 在馆    
唐山师范学院图书馆 欢迎您!
大连网信软件有限公司© 版权所有